Анна Київська. Літопис Міжнародного фестивалю мистецтв "Anne de Kyiv Fest". Панєвропейський проект "Шлях Королеви". Свята Анна Київська, Королева Франції. Історія і легенди (Запис № 573676)

МАРК-запис
000 -Лідер
fixed length control field 01058 a2200241 4500
003 - Ідентифікатор контрольного номера
control field UA-OsUOA
005 - Дата та час останнього входження (трансакції)
control field 20230131141108.0
008 - Елементи даних фіксованої довжини – загальна інформація
fixed length control field 230125b un ||||| |||| 00| 0 ukr d
020 ## - Міжнародний стандартний книжковий номер (ISBN)
Міжнародний стандартний книжковий номер (ISBN) (НП) 9789669798930
040 ## - Джерело каталогізації
Агенція оригінальної каталогізації UA-OsUOA
Мова каталогізації ukr
Агенція, яка здійснювала перезапис UA-OsUOA
Агенція, яка здійснювала модифікацію UA-OsUOA
041 ## - Код мови
Код мови тексту/ звукової доріжки чи окремого заголовка (П) ukr
080 ## - Індекс Універсальної десяткової класифікації
Індекс Універсальної десяткової класифікації (УДК) (НП) 7.079(477):82.09
090 ## - Локальний шифр розміщення
Класифікаційний індекс УДК 7.079(477):82.09
Авторський знак (НП) А68
100 ## - Основне введення – ім’я особи
Ім’я особи (НП) Баландін Ф.
245 ## - Відомості про назву
Назва (НП) Анна Київська. Літопис Міжнародного фестивалю мистецтв "Anne de Kyiv Fest". Панєвропейський проект "Шлях Королеви". Свята Анна Київська, Королева Франції. Історія і легенди
Дані про відповідальність (НП) Федір Баландін, Мішель Лярош
260 ## - Публікація, розповсюдження і т.п. (Вихідні дані)
Місце публікації, розповсюдження і т.п. (П) К.
Ім’я/ наймення видавництва, розповсюджувача і т.п. (П) Пінзель
Дата публікації, розповсюдження і т.п. (П) 2021
300 ## - Фізичний опис
Обсяг 172 с.
650 ## - Додаткове предметне введення – тематичний термін
Джерело заголовка чи терміна UDC
Тематичний термін чи географічна назва, як елемент введення (НП) 7 Мистецтво
700 1# - Додаткове введення – ім'я особи
Ім’я особи (НП) Лярош М.
942 ## - Додаткові елементи входу (Коха)
Тип елемента Koha Книги
Source of classification or shelving scheme Universal Decimal Classification
955 ## - Код типу видання за змістом
Код типу видання за змістом (НП) Науково-популярні видання
Фонди
Стан вилучень Стан втрат Джерело класифікації або схеми стелажів Стан уражень Не для кредиту Код колекції Постійне місце розташування Поточне розміщення Дата придбання Джерело придбання Вартість, звичайна ціна покупки Усього замовленно Повний номер виклику Штрих-код Дата останнього перегляду Вартість, ціна заміни Ціна ефективна від Тип елемента Koha
    Universal Decimal Classification     Колекція Пасічника І.Д. ЧЗ - Читальна зала ЧЗ - Читальна зала 25/01/2023 №3/17.01.2023 60.00   7.079(477):82.09 А68 165441 25/01/2023 60.00 25/01/2023 Книги